000 01241cam a22002893a 4500
001 1238
005 20231211151919.0
020 _a078073004508
040 _aOCO
_cOCO
_dDLC
_beng
050 0 0 _aPZ7.G6578
082 _aFic
100 1 _aKorman, Gordon
245 1 4 _aThe climb /
_cGordon Korman
250 _aThis edition first printing, March 2012
260 _aNew York :
_bScholastic,
_c2002
300 _a151 pages :
_c20 cm
_bIllustrations ;
490 0 _aEverest ;
_vBook 2
500 _a"An Apple paperback."
505 _aR
520 _aA thrilling adventure trilogy from Gordon Korman about a number of kids competing to be the youngest person to ever reach the top of Mt. Everest The youngest expedition ever to attempt an Everest climb has begun. But the trouble starts long before they reach the summit. Competition is fierce. Conditions are harsh. And the trek from Base Camp proves a challenge that not all the contestants can meet...with disastrous results. And then the storm hits....
521 _a770
_bLexile
521 _aR
_bRaz-Plus
655 7 _aChildren's stories.
_2lcsh
655 7 _aAdventure fiction.
_2gsafd
906 _a7
_bcbc
_ccopycat
_d2
_encip
_f20
_gy-genrareb
942 _2ddc
_cBK
_n0
999 _c1238
_d1238